Every WR1 in the NFL Ranked 2021-2022 - Statistics

General Stats
  • This quiz has been taken 3,563 times
  • The average score is 23 of 32
Answer Stats
Team WR % Correct
2. MIN Justin Jefferson
99%
4. LAR Cooper Kupp
97%
1. GBP Davante Adams
97%
5. KAN Tyreek Hill
97%
8. CIN Ja'Marr Chase
96%
6. BUF Stefon Diggs
96%
10. TBB Mike Evans
95%
11. DAL Ceedee Lamb
93%
3. ARI DeAndre Hopkins
93%
7. SFF Deebo Samuel
93%
12. TEN A.J. Brown
91%
13. LAC Keenan Allen
88%
28. BAL Marquise Brown
88%
9. WAS Terry McLaurin
88%
19. SEA DK Metcalf
85%
14. MIA Jaylen Waddle
84%
15. NOS Michael Thomas
82%
21. PHI Devonta Smith
79%
17. CAR D.J. Moore
76%
27. NYJ Elijah Moore
74%
16. PIT Diontae Johnson
63%
25. IND Michael Pittman Jr.
63%
18. ATL Calvin Ridley
58%
30. DEN Courtland Sutton
58%
24. DET Amon-Ra St. Brown
52%
23. LVR Hunter Renfrow
48%
20. CHI Allen Robinson
45%
22. HOU Brandin Cooks
43%
29. CLE Jarvis Landry
39%
26. NEP Jakobi Meyers
36%
32. JAX D.J. Chark
20%
31. NYG Kadarius Toney
19%
No matching quizzes found
Score Distribution
Percent of People with Each Score
Percentile by Number Answered
Your Score History
You have not taken this quiz